| 000 | 00726nam a22002177a 4500 | ||
|---|---|---|---|
| 999 |
_c18578 _d18578 |
||
| 008 | 231204b ||||| |||| 00| 0 eng d | ||
| 020 | _a9780357851401 | ||
| 082 |
_22023 _aDC 540 _bK849 |
||
| 100 |
_aKotz, John C. _950362 |
||
| 245 |
_aChemistry & chemical reactivity / _cJohn C. Kotz and three others. |
||
| 250 | _a11th edition. | ||
| 260 |
_aUSA : _bCengage, _c©2023. |
||
| 300 |
_axxii, 1291 pages : _bcolor illustrations ; _c28 cm. |
||
| 500 | _aIncludes index and glossary. | ||
| 650 |
_aChemical reactions. _949091 |
||
| 650 |
_aChemistry. _950401 |
||
| 700 |
_aTreichel, Paul M. _eauthor. _950363 |
||
| 700 |
_aTownsend, John R. _eauthor. _950364 |
||
| 700 |
_aTreichel, David A. _eauthor. _950365 |
||
| 942 |
_2ddc _cDC |
||